[Event "28. Torneo San Viator 2017 - Torneo B"]
[Site "Madrid ESP"]
[Date "2017.04.23"]
[Round "4.7"]
[White "Arias Cusio, Oscar"]
[Black "Castro Uceda, Jose Antonio"]
[Result "1-0"]
[WhiteElo "1606"]
[BlackElo "1534"]
[PlyCount "129"]
[EventDate "2017.03.26"]
[EventType "swiss"]
[EventRounds "9"]
[EventCountry "ESP"]
[SourceTitle "Ajedrez en Madrid"]
[Source "lmi"]
[SourceDate "2017.03.26"]

1. e4 c5 2. Nc3 e6 3. Bc4 d6 4. Nge2 Nc6 5. a3 Nf6 6. d3 Be7 7. O-O O-O 8. f4
d5 9. exd5 exd5 10. Ba2 Bf5 11. Ng3 Bg4 12. Qe1 Re8 13. Qf2 b6 14. h3 c4 15.
Nce2 Bxe2 16. Nxe2 Bc5 17. d4 Ne4 18. Qf3 Bxd4+ 19. Kh2 Qf6 20. c3 Bc5 21. Ng3
Nxg3 22. Qxg3 Re2 23. Qf3 Qe6 24. Bb1 Rd8 25. f5 Bd6+ 26. Bf4 Bxf4+ 27. Qxf4
Qe5 28. b4 cxb3 29. Bd3 Qxf4+ 30. Rxf4 Rd2 31. Bb5 Ne5 32. Rb1 b2 33. Rb4 d4
34. cxd4 R8xd4 35. R4xb2 Nf3+ 36. Kg3 Ng5 37. Rb3 Ne4+ 38. Kh2 Rf2 39. Re1 h6
40. Bd3 Nd6 41. Kg3 Rd2 42. Bb1 b5 43. Ree3 h5 44. Rbc3 h4+ 45. Kh2 Rb2 46. Bd3
Rf4 47. Rc6 Nxf5 48. Rc8+ Kh7 49. Re7 Kg6 50. Rxa7 Rff2 51. Be4 Rbe2 52. Re8
Kg5 53. Rxf7 Nd6 54. Re5+ Kh6 55. Re6+ Kg5 56. Rxf2 Rxf2 57. Rxd6 Ra2 58. Rd3
Kf4 59. Bc6 Rb2 60. Rd4+ Kg5 61. Rd5+ Kf4 62. Rxb5 Rc2 63. Bf3 g5 64. Rb4+ Kf5
65. Be4+ 1-0

[Event "28. Torneo San Viator 2017 - Torneo B"]
[Site "Madrid ESP"]
[Date "2017.04.23"]
[Round "4.8"]
[White "Moreno Sanchez, Guillermo"]
[Black "Aguilar Guzman, Reynaldo"]
[Result "1-0"]
[WhiteElo "1605"]
[BlackElo "1558"]
[PlyCount "119"]
[EventDate "2017.03.26"]
[EventType "swiss"]
[EventRounds "9"]
[EventCountry "ESP"]
[SourceTitle "Ajedrez en Madrid"]
[Source "lmi"]
[SourceDate "2017.03.26"]

1. d4 d5 2. Nf3 Nf6 3. Bf4 Nc6 4. a3 g6 5. e3 a6 6. c4 Bg7 7. Nc3 O-O 8. Rc1 e6
9. c5 b6 10. cxb6 cxb6 11. Na4 Bb7 12. Bd3 Nh5 13. Bg5 Bf6 14. Bh6 Bg7 15. Bxg7
Kxg7 16. O-O b5 17. Nc5 Bc8 18. Nxe6+ Bxe6 19. Rxc6 Bd7 20. Rc5 Nf6 21. h3 Be6
22. Qe2 Ne4 23. Rc2 Rc8 24. Rfc1 Rxc2 25. Qxc2 Qa5 26. Qd1 Rc8 27. Rxc8 Bxc8
28. Qc2 Nd6 29. Qc5 Qd8 30. Qxd5 Qf6 31. Qe5 Nc4 32. Qxf6+ Kxf6 33. Bxc4 bxc4
34. Ne5 Be6 35. f3 g5 36. Kf2 h5 37. Kg3 h4+ 38. Kf2 Ke7 39. e4 f6 40. Nc6+ Kd6
41. Nb4 a5 42. Nc2 Kc7 43. Ne3 Kb6 44. d5 Bd7 45. Nxc4+ Kb5 46. Nd2 Ka4 47. Ke3
Kb5 48. f4 gxf4+ 49. Kxf4 a4 50. Ke3 Kc5 51. Nf3 Kc4 52. Nd2+ Kc5 53. Kd3 f5
54. exf5 Bxf5+ 55. Kc3 Kxd5 56. Nf3 Bd7 57. Nxh4 Ke4 58. Nf3 Kf4 59. h4 Kg4 60.
Ne5+ 1-0

[Event "28. Torneo San Viator 2017 - Torneo B"]
[Site "Madrid ESP"]
[Date "2017.04.23"]
[Round "4.10"]
[White "Gallego Romero, Manuel"]
[Black "Garcia Martin, Javier"]
[Result "1/2-1/2"]
[WhiteElo "1486"]
[BlackElo "1664"]
[PlyCount "110"]
[EventDate "2017.03.26"]
[EventType "swiss"]
[EventRounds "9"]
[EventCountry "ESP"]
[SourceTitle "Ajedrez en Madrid"]
[Source "lmi"]
[SourceDate "2017.03.26"]

1. e4 c5 2. Bc4 d6 3. Nf3 Nf6 4. d3 e6 5. Nc3 Be7 6. O-O O-O 7. a3 Nc6 8. h3 h6
9. Re1 a6 10. Bd2 Bd7 11. Ne2 Qb6 12. Rb1 Qc7 13. Ng3 b5 14. Ba2 Rab8 15. Bc3
e5 16. Nh4 b4 17. Bd2 Kh8 18. Nhf5 Bxf5 19. Nxf5 Bd8 20. Qf3 bxa3 21. Qg3 Rg8
22. bxa3 Rxb1 23. Rxb1 Nd4 24. Nxd4 cxd4 25. Bc4 Rf8 26. Qf3 Kg8 27. Qe2 Qa7
28. f4 Bc7 29. f5 Rb8 30. Rf1 Qb7 31. Bb3 d5 32. exd5 Nxd5 33. Qg4 Nf6 34. Qg6
Kh8 35. Qxf7 Bd6 36. Qxb7 Rxb7 37. a4 e4 38. dxe4 Nxe4 39. Be1 Bc5 40. Kh1 Bb4
41. Bd5 Bxe1 42. Bxe4 Rb1 43. Bd3 Rc1 44. g4 a5 45. Kg2 Bd2 46. Kf3 Rxf1+ 47.
Bxf1 Kg8 48. Ke4 Bc3 49. Kd5 Kf7 50. Bc4 Kf6 51. h4 g6 52. Bd3 g5 53. h5 Bb2
54. Kd6 Bc3 55. Kd7 Bb4 1/2-1/2

[Event "28. Torneo San Viator 2017 - Torneo B"]
[Site "Madrid ESP"]
[Date "2017.04.23"]
[Round "4.11"]
[White "Martinez Martinez, Javier II"]
[Black "Fernandez De Los Muros, Angel"]
[Result "1-0"]
[WhiteElo "1635"]
[BlackElo "1423"]
[PlyCount "54"]
[EventDate "2017.03.26"]
[EventType "swiss"]
[EventRounds "9"]
[EventCountry "ESP"]
[SourceTitle "Ajedrez en Madrid"]
[Source "lmi"]
[SourceDate "2017.03.26"]

1. d4 d5 2. Nf3 Nf6 3. c4 e6 4. Nc3 c6 5. e3 Qa5 6. Bd2 Bb4 7. Bd3 Nbd7 8. O-O
O-O 9. Qe2 Re8 10. a3 Bxc3 11. Bxc3 Qc7 12. Qc2 b6 13. b4 a6 14. c5 b5 15. Ne5
Nf8 16. f4 g6 17. Be1 Kg7 18. Bh4 h5 19. Bxf6+ Kxf6 20. Qf2 Kg7 21. Qg3 a5 22.
Be2 Kh8 23. f5 exf5 24. Nxg6+ fxg6 25. Qxc7 Rxe3 26. Kf2 Ne6 27. Qxc6 Rf3+ 1-0

[Event "28. Torneo San Viator 2017 - Torneo B"]
[Site "Madrid ESP"]
[Date "2017.04.23"]
[Round "4.12"]
[White "Munoz Munoz, Pablo II"]
[Black "Marcelo De La Mata, Daniel"]
[Result "0-1"]
[WhiteElo "1440"]
[BlackElo "1630"]
[PlyCount "50"]
[EventDate "2017.03.26"]
[EventType "swiss"]
[EventRounds "9"]
[EventCountry "ESP"]
[SourceTitle "Ajedrez en Madrid"]
[Source "lmi"]
[SourceDate "2017.03.26"]

1. c4 e5 2. g3 Nf6 3. Bg2 d6 4. Nf3 Nc6 5. Nc3 Be7 6. O-O O-O 7. d3 a5 8. e4 h6
9. a3 Be6 10. Nd5 Qd7 11. Nxe7+ Qxe7 12. b3 Qd7 13. h3 Bxh3 14. Bb2 Rfe8 15.
Re1 Bxg2 16. Kxg2 Re7 17. d4 exd4 18. Nxd4 Rxe4 19. Nf3 Rxe1 20. Qxe1 Re8 21.
Qc1 Ne5 22. Nxe5 dxe5 23. Qe1 Qc6+ 24. Kf1 b6 25. Qe2 Qh1# 0-1

[Event "28. Torneo San Viator 2017 - Torneo B"]
[Site "Madrid ESP"]
[Date "2017.04.23"]
[Round "4.13"]
[White "Lopez Martin, Israel"]
[Black "Caravantes Camacho, Fernando"]
[Result "1-0"]
[WhiteElo "1431"]
[BlackElo "1626"]
[PlyCount "81"]
[EventDate "2017.03.26"]
[EventType "swiss"]
[EventRounds "9"]
[EventCountry "ESP"]
[SourceTitle "Ajedrez en Madrid"]
[Source "lmi"]
[SourceDate "2017.03.26"]

1. e4 e6 2. Nf3 d5 3. exd5 exd5 4. d4 Be6 5. Bd3 Be7 6. b3 Nd7 7. c4 c6 8. O-O
h6 9. Nc3 Ngf6 10. Ne2 O-O 11. Bxh6 gxh6 12. Qd2 Ne4 13. Qxh6 Re8 14. Ng3 Bg5
15. Nxg5 Qxg5 16. Qxg5+ Nxg5 17. f4 Ne4 18. f5 Nd2 19. Rf2 dxc4 20. bxc4 Bxc4
21. Rxd2 Bxd3 22. Rxd3 Nf6 23. h4 Rad8 24. Rad1 Rd5 25. h5 Red8 26. Rb1 b6 27.
Rc1 c5 28. Ra3 Rxd4 29. Rxa7 Kh7 30. Rxf7+ Kh6 31. Rxf6+ Kg5 32. Rg6+ Kh4 33.
f6 Rf4 34. Rf1 Rxf1+ 35. Kxf1 b5 36. f7 Rf8 37. Rf6 Kg5 38. Ne4+ Kxh5 39. Nxc5
Kg5 40. Nd7 b4 41. Rf2 1-0

[Event "28. Torneo San Viator 2017 - Torneo B"]
[Site "Madrid ESP"]
[Date "2017.04.23"]
[Round "4.14"]
[White "Baltasar Garza, Antonio"]
[Black "Bermejo Jimenez, Adolfo"]
[Result "1-0"]
[WhiteElo "1621"]
[BlackElo "1422"]
[PlyCount "77"]
[EventDate "2017.03.26"]
[EventType "swiss"]
[EventRounds "9"]
[EventCountry "ESP"]
[SourceTitle "Ajedrez en Madrid"]
[Source "lmi"]
[SourceDate "2017.03.26"]

1. e4 e5 2. Nf3 Nc6 3. d4 exd4 4. Nxd4 Nf6 5. Nxc6 bxc6 6. Bd3 Bc5 7. Bg5 d6 8.
O-O O-O 9. Nd2 h6 10. Bh4 Bg4 11. Bxf6 Bxd1 12. Bxd8 Bxc2 13. Bxc2 Rfxd8 14.
Nb3 Bb6 15. a4 a5 16. Rfd1 c5 17. Nd2 c6 18. Nc4 Bc7 19. Rd3 d5 20. exd5 cxd5
21. Ne3 d4 22. Nc4 Re8 23. Kf1 Re7 24. Re1 Rae8 25. Rxe7 Rxe7 26. Rb3 Kf8 27.
Rb5 Rd7 28. Bd3 Rd5 29. Nxa5 Bf4 30. Nb3 Bd6 31. Nd2 f5 32. a5 Re5 33. Nc4 Re6
34. Nxd6 Rxd6 35. Rxc5 f4 36. Rc7 Ke8 37. a6 Rd8 38. a7 Ra8 39. Rb7 1-0

[Event "28. Torneo San Viator 2017 - Torneo B"]
[Site "Madrid ESP"]
[Date "2017.04.23"]
[Round "4.15"]
[White "Corral Sanchez, Jesus"]
[Black "Rojo Jorge, Angel"]
[Result "1-0"]
[WhiteElo "1573"]
[BlackElo "1416"]
[PlyCount "81"]
[EventDate "2017.03.26"]
[EventType "swiss"]
[EventRounds "9"]
[EventCountry "ESP"]
[SourceTitle "Ajedrez en Madrid"]
[Source "lmi"]
[SourceDate "2017.03.26"]

1. c4 c5 2. Nc3 g6 3. g3 Nf6 4. Bg2 Bg7 5. Nf3 Nc6 6. O-O O-O 7. d3 e6 8. Rb1
d5 9. cxd5 exd5 10. Bg5 Bf5 11. Nh4 Be6 12. Qd2 Qd7 13. Rfe1 d4 14. Ne4 Nxe4
15. Bxe4 Bxa2 16. Rbc1 b6 17. Bh6 Bd5 18. Bxg7 Kxg7 19. Bxd5 Qxd5 20. Rf1 Rfe8
21. Rce1 Re6 22. Ng2 Qf5 23. Nh4 Qf6 24. Nf3 Rae8 25. Kg2 Qf5 26. Kg1 Ne5 27.
Nh4 Qh5 28. f3 g5 29. Ng2 Rh6 30. h4 gxh4 31. Nxh4 Ree6 32. Rf2 f5 33. Qf4 Nxd3
34. Qc7+ Kf6 35. Qd8+ Kf7 36. Qd7+ Re7 37. Qd5+ Rhe6 38. exd3 Kf6 39. Rxe6+
Rxe6 40. Qd8+ Ke5 41. f4# 1-0

[Event "28. Torneo San Viator 2017 - Torneo B"]
[Site "Madrid ESP"]
[Date "2017.04.23"]
[Round "4.16"]
[White "Loncomilla Sanhueza, Ernesto"]
[Black "Soria Martinez, Daniel"]
[Result "1-0"]
[WhiteElo "1538"]
[BlackElo "1375"]
[PlyCount "129"]
[EventDate "2017.03.26"]
[EventType "swiss"]
[EventRounds "9"]
[EventCountry "ESP"]
[SourceTitle "Ajedrez en Madrid"]
[Source "lmi"]
[SourceDate "2017.03.26"]

1. e4 e6 2. d4 d5 3. exd5 exd5 4. Nf3 Nf6 5. Be2 Bd6 6. Bg5 c6 7. O-O Nbd7 8.
Re1 O-O 9. Nbd2 Qc7 10. c3 b6 11. a4 Bb7 12. b4 Ng4 13. g3 a5 14. Qb3 axb4 15.
cxb4 Rab8 16. Nh4 h6 17. Bxg4 hxg5 18. Nf5 Nf6 19. Bf3 g4 20. Bg2 c5 21. Nxd6
Qxd6 22. dxc5 bxc5 23. bxc5 Qxc5 24. Qd3 Rfe8 25. Nb3 Qb4 26. Red1 Re6 27. Rdb1
Ba6 28. Qd4 Qxd4 29. Nxd4 Reb6 30. Rxb6 Rxb6 31. a5 Rb2 32. Bf1 Bxf1 33. Kxf1
Nd7 34. a6 Nb6 35. a7 Na8 36. Ne2 Rb4 37. Ra5 Rb7 38. Kg2 Kf8 39. Nd4 Ke8 40.
Nf5 Kd7 41. Rxd5+ Kc6 42. Ra5 Kb6 43. Ra4 g6 44. Ne3 Rxa7 45. Rxa7 Kxa7 46.
Nxg4 f5 47. Ne5 g5 48. Nf7 f4 49. Nxg5 fxg3 50. fxg3 Nc7 51. h4 Ne8 52. h5 Nf6
53. h6 Kb7 54. Ne4 Nh7 55. g4 Kc6 56. g5 Kd7 57. Nf6+ Ke7 58. Nxh7 Kf7 59. Nf6
Kg6 60. Kg3 Kf7 61. Kg4 Kg6 62. Kf4 Kf7 63. Kf5 Kf8 64. g6 Ke7 65. h7 1-0

[Event "28. Torneo San Viator 2017 - Torneo B"]
[Site "Madrid ESP"]
[Date "2017.04.23"]
[Round "4.18"]
[White "Garcia Chica, Eva Maria"]
[Black "Gonzalez Reyes, Felix"]
[Result "1-0"]
[WhiteElo "1411"]
[BlackElo "1495"]
[PlyCount "113"]
[EventDate "2017.03.26"]
[EventType "swiss"]
[EventRounds "9"]
[EventCountry "ESP"]
[SourceTitle "Ajedrez en Madrid"]
[Source "lmi"]
[SourceDate "2017.03.26"]

1. e4 d5 2. exd5 Qxd5 3. Nc3 Qa5 4. g3 Nf6 5. Bg2 Bg4 6. Nge2 c6 7. O-O e6 8.
d3 h6 9. Bd2 Qc7 10. a3 Be7 11. Bf4 Bd6 12. Bxd6 Qxd6 13. Qd2 O-O 14. Rfe1 Nbd7
15. h3 Bf5 16. Qf4 Qxf4 17. Nxf4 Rad8 18. Re2 g5 19. g4 Bh7 20. Nh5 Nxh5 21.
gxh5 Nf6 22. Bf3 Rd4 23. Kg2 Bf5 24. Rh1 Rh4 25. Re5 Rd8 26. Be4 Nxe4 27. Nxe4
Bxe4+ 28. Rxe4 Rxe4 29. dxe4 Rd2 30. Rc1 f5 31. exf5 exf5 32. Kf3 Kf7 33. Ke3
Rd5 34. f4 Kf6 35. Rg1 c5 36. fxg5+ hxg5 37. h6 Kg6 38. h7 f4+ 39. Ke4 Rd8 40.
h4 Re8+ 41. Kf3 Re3+ 42. Kf2 Re8 43. Rxg5+ Kxh7 44. Rf5 Re4 45. Rxc5 Re7 46.
Rc4 Rd7 47. Kf3 Rd2 48. Kxf4 Kg6 49. Ke3 Rd7 50. Rd4 Rc7 51. Kd3 Kh5 52. Rc4
Rd7+ 53. Rd4 Rc7 54. c4 b6 55. b4 a6 56. Kc3 Rc6 57. a4 1-0

[Event "28. Torneo San Viator 2017 - Torneo B"]
[Site "Madrid ESP"]
[Date "2017.04.23"]
[Round "4.20"]
[White "Baranco Gonzalez, Nicolas"]
[Black "Alberti Jimenez, Bernardo"]
[Result "1-0"]
[WhiteElo "1303"]
[BlackElo "1489"]
[PlyCount "79"]
[EventDate "2017.03.26"]
[EventType "swiss"]
[EventRounds "9"]
[EventCountry "ESP"]
[SourceTitle "Ajedrez en Madrid"]
[Source "lmi"]
[SourceDate "2017.03.26"]

1. e4 d5 2. exd5 Qxd5 3. Nc3 Qa5 4. Nf3 Bg4 5. h3 Bh5 6. Be2 Nf6 7. d4 Nc6 8.
Bd2 Bxf3 9. Bxf3 Nxd4 10. Bxb7 Rb8 11. Nd5 Qa4 12. b3 Nxb3 13. Nxf6+ gxf6 14.
cxb3 Qb5 15. Bf3 Bg7 16. Be2 Qe5 17. O-O Rd8 18. Qe1 f5 19. Rc1 O-O 20. Bc3 Qd6
21. Bxg7 Kxg7 22. Qc3+ f6 23. Qxc7 Qxc7 24. Rxc7 Kf7 25. Bc4+ Kg6 26. Rxe7 a5
27. Ra7 Ra8 28. Rxa8 Rxa8 29. Rd1 a4 30. bxa4 Rxa4 31. Bb3 Ra7 32. Be6 Ra6 33.
Bb3 Ra7 34. a4 h5 35. Rd5 Rc7 36. a5 f4 37. a6 Rc1+ 38. Rd1 Rc7 39. Ra1 Ra7 40.
Bc4 1-0

[Event "28. Torneo San Viator 2017 - Torneo B"]
[Site "Madrid ESP"]
[Date "2017.04.23"]
[Round "4.21"]
[White "Rodriguez Nieto, Miguel Angel"]
[Black "Jarne Anguita, Miguel"]
[Result "1-0"]
[WhiteElo "1738"]
[BlackElo "1463"]
[PlyCount "80"]
[EventDate "2017.03.26"]
[EventType "swiss"]
[EventRounds "9"]
[EventCountry "ESP"]
[SourceTitle "Ajedrez en Madrid"]
[Source "lmi"]
[SourceDate "2017.03.26"]

1. c4 e5 2. Nc3 Nf6 3. Nf3 Nc6 4. d3 Bc5 5. a3 a6 6. b4 Ba7 7. Bg5 d6 8. e3 Be6
9. Be2 Qd7 10. Nd2 d5 11. Bxf6 gxf6 12. cxd5 Bxd5 13. Nxd5 Qxd5 14. Ne4 O-O-O
15. O-O Rhg8 16. Bf3 Qe6 17. Nc5 Bxc5 18. bxc5 Qd7 19. Qa4 Na7 20. Qe4 Nc6 21.
Rab1 Qxd3 22. Bg4+ Rxg4 23. Qxg4+ Kb8 24. Qa4 Kc8 25. Rb2 Na7 26. Qb4 Nb5 27.
a4 Nc3 28. Qxb7+ Kd7 29. c6+ Ke8 30. Qb4 Ne2+ 31. Rxe2 Qxe2 32. g3 Qd3 33. Qb7
Qc4 34. a5 Qe6 35. Qxa6 Rd6 36. Rc1 Kd8 37. Qb7 Qc8 38. a6 Rd5 39. a7 Ra5 40.
Rd1+ Ke8 1-0

[Event "28. Torneo San Viator 2017 - Torneo B"]
[Site "Madrid ESP"]
[Date "2017.04.23"]
[Round "4.22"]
[White "Rodriguez Coarasa, Carlos"]
[Black "Jimenez Gallego, Rafael"]
[Result "1-0"]
[WhiteElo "1706"]
[BlackElo "1433"]
[PlyCount "57"]
[EventDate "2017.03.26"]
[EventType "swiss"]
[EventRounds "9"]
[EventCountry "ESP"]
[SourceTitle "Ajedrez en Madrid"]
[Source "lmi"]
[SourceDate "2017.03.26"]

1. e4 e5 2. Nf3 Nc6 3. d4 exd4 4. Nxd4 Bc5 5. Be3 Qf6 6. c3 Nxd4 7. cxd4 Bb4+
8. Nc3 d6 9. Bd3 Bxc3+ 10. bxc3 Bd7 11. O-O Qd8 12. f4 Nf6 13. h3 O-O 14. c4
Bc8 15. e5 dxe5 16. fxe5 Qe8 17. Bg5 Nd7 18. Qh5 Nb6 19. Rae1 h6 20. Bd2 c6 21.
Bb4 Nd7 22. Bxf8 Nxf8 23. Rf3 Be6 24. Rg3 Kh8 25. Qf3 Rd8 26. Re4 b5 27. Rh4
bxc4 28. Rxh6+ gxh6 29. Qf6# 1-0

[Event "28. Torneo San Viator 2017 - Torneo B"]
[Site "Madrid ESP"]
[Date "2017.04.23"]
[Round "4.23"]
[White "Aldea Moreno, Marina"]
[Black "San Felipe Gonzalez, Tomas"]
[Result "1-0"]
[WhiteElo "1427"]
[BlackElo "1691"]
[PlyCount "59"]
[EventDate "2017.03.26"]
[EventType "swiss"]
[EventRounds "9"]
[EventCountry "ESP"]
[SourceTitle "Ajedrez en Madrid"]
[Source "lmi"]
[SourceDate "2017.03.26"]

1. e4 c5 2. c3 Nf6 3. e5 Nd5 4. d4 e6 5. Nf3 Nc6 6. Bc4 Be7 7. O-O d6 8. Qe2
Nb6 9. Bb3 cxd4 10. cxd4 Bd7 11. Bd2 dxe5 12. dxe5 a5 13. a3 a4 14. Ba2 Na7 15.
Nc3 Bc6 16. Rfd1 Qc7 17. Ng5 h6 18. Nxe6 fxe6 19. Qh5+ Kf8 20. Bxe6 Bc5 21.
Qf5+ Ke8 22. Qg6+ Kf8 23. Be3 Be8 24. Bxc5+ Qxc5 25. Qf5+ Ke7 26. Rac1 Qa5 27.
Ba2 Nc6 28. Qe6+ Kf8 29. Rd3 Nxe5 30. Qd6# 1-0

[Event "28. Torneo San Viator 2017 - Torneo B"]
[Site "Madrid ESP"]
[Date "2017.04.23"]
[Round "4.24"]
[White "Abanades Flores, Diego"]
[Black "Iriarte Gomez, Enrique"]
[Result "0-1"]
[WhiteElo "1398"]
[BlackElo "1658"]
[PlyCount "48"]
[EventDate "2017.03.26"]
[EventType "swiss"]
[EventRounds "9"]
[EventCountry "ESP"]
[SourceTitle "Ajedrez en Madrid"]
[Source "lmi"]
[SourceDate "2017.03.26"]

1. d4 g6 2. c4 Nf6 3. Nf3 Bg7 4. g3 d5 5. b3 c5 6. e3 Ne4 7. Nfd2 cxd4 8. Nxe4
dxe4 9. exd4 Qxd4 10. Qc2 Qxa1 11. Bg2 O-O 12. O-O f5 13. Bd2 Qf6 14. Nc3 Be6
15. Nb5 Na6 16. Bc3 Qf7 17. Nd4 Nc5 18. Rd1 Nd3 19. Bf1 Rad8 20. Nxe6 Qxe6 21.
Bxg7 Kxg7 22. Bxd3 Rxd3 23. Rxd3 exd3 24. Qxd3 Qe1+ 0-1

[Event "28. Torneo San Viator 2017 - Torneo B"]
[Site "Madrid ESP"]
[Date "2017.04.23"]
[Round "4.25"]
[White "Martinez Pintor, Juan"]
[Black "Perez Carballeira, Francisco"]
[Result "1-0"]
[WhiteElo "1657"]
[BlackElo "1444"]
[PlyCount "69"]
[EventDate "2017.03.26"]
[EventType "swiss"]
[EventRounds "9"]
[EventCountry "ESP"]
[SourceTitle "Ajedrez en Madrid"]
[Source "lmi"]
[SourceDate "2017.03.26"]

1. d4 d5 2. c4 c6 3. Nc3 Nf6 4. Nf3 dxc4 5. e4 Bg4 6. Bxc4 e6 7. Be2 Be7 8. Be3
Nbd7 9. O-O O-O 10. Qb3 Qb6 11. Qc2 Qc7 12. Rfd1 Rac8 13. Rac1 a6 14. Qb1 Qb8
15. b4 Bh5 16. a4 Bg6 17. Bd3 Bh5 18. e5 Nd5 19. Nxd5 Bxf3 20. Nxe7+ Kh8 21.
Nxc8 Bxd1 22. Rxd1 Qxc8 23. b5 axb5 24. axb5 cxb5 25. Qxb5 b6 26. Be4 Qc7 27.
Rc1 Qd8 28. Rc6 Qh4 29. Bf3 Rb8 30. Rd6 Qe7 31. Qxd7 Qxd7 32. Rxd7 g6 33. Rxf7
Rc8 34. Rb7 Ra8 35. Rxh7+ 1-0

[Event "28. Torneo San Viator 2017 - Torneo B"]
[Site "Madrid ESP"]
[Date "2017.04.23"]
[Round "4.26"]
[White "Del Noval Nemeshazi, Mario"]
[Black "Dominguez Afonso, Ayraldo"]
[Result "0-1"]
[WhiteElo "1371"]
[BlackElo "1639"]
[PlyCount "54"]
[EventDate "2017.03.26"]
[EventType "swiss"]
[EventRounds "9"]
[EventCountry "ESP"]
[SourceTitle "Ajedrez en Madrid"]
[Source "lmi"]
[SourceDate "2017.03.26"]

1. e4 e5 2. Nf3 Nc6 3. d4 exd4 4. Nxd4 Bc5 5. Be3 Qf6 6. c3 Nge7 7. Bb5 O-O 8.
O-O Bb6 9. Na3 Rd8 10. Nc4 Bxd4 11. cxd4 a6 12. Bxc6 Nxc6 13. Qd2 Re8 14. e5
Qg6 15. f4 d6 16. Rf3 dxe5 17. dxe5 Be6 18. Raf1 Bxc4 19. f5 Qg4 20. Rf4 Qe2
21. Qc3 Bb5 22. e6 fxe6 23. Qb3 Qd3 24. Rd1 Qxb3 25. axb3 exf5 26. Rxf5 Rxe3
27. Rd7 Re1+ 0-1

[Event "28. Torneo San Viator 2017 - Torneo B"]
[Site "Madrid ESP"]
[Date "2017.04.23"]
[Round "4.28"]
[White "Di Pietro Moreno, Fatima"]
[Black "Urbelz Perez, Ignacio"]
[Result "0-1"]
[WhiteElo "1394"]
[BlackElo "1606"]
[PlyCount "82"]
[EventDate "2017.03.26"]
[EventType "swiss"]
[EventRounds "9"]
[EventCountry "ESP"]
[SourceTitle "Ajedrez en Madrid"]
[Source "lmi"]
[SourceDate "2017.03.26"]

1. d4 f5 2. Bf4 Nf6 3. e3 e6 4. c4 d5 5. h3 c6 6. Nc3 Be7 7. Nf3 Nbd7 8. Be2
Ne4 9. O-O O-O 10. Ne5 Nxe5 11. dxe5 Bd7 12. Qc2 Rc8 13. Nxe4 fxe4 14. a3 a5
15. Rfd1 b5 16. cxd5 cxd5 17. Qb1 Bg5 18. Bg3 Bh4 19. Bxh4 Qxh4 20. Rf1 Qg5 21.
b4 a4 22. Qb2 h5 23. Qd4 Rc2 24. Qd1 Rfc8 25. Bxh5 g6 26. Bg4 Qxe5 27. Qd4 Qxd4
28. exd4 Rd2 29. Rfd1 Rdc2 30. Re1 R8c3 31. Re3 Rd3 32. Rxd3 exd3 33. Rd1 Rc3
34. Ra1 d2 35. Kh2 Rc1 36. Ra2 d1=Q 37. Bxd1 Rxd1 38. Rc2 Kf8 39. Rc7 Ke7 40.
Kg3 Rxd4 41. Ra7 Rd3+ 0-1

[Event "28. Torneo San Viator 2017 - Torneo B"]
[Site "Madrid ESP"]
[Date "2017.04.23"]
[Round "4.30"]
[White "Alvarez Hirt, Carlos"]
[Black "Sanchez Rosado, Alberto"]
[Result "1-0"]
[WhiteElo "1325"]
[BlackElo "1578"]
[PlyCount "48"]
[EventDate "2017.03.26"]
[EventType "swiss"]
[EventRounds "9"]
[EventCountry "ESP"]
[SourceTitle "Ajedrez en Madrid"]
[Source "lmi"]
[SourceDate "2017.03.26"]

1. e4 e5 2. Nf3 Nc6 3. Bb5 Bc5 4. h3 Nf6 5. d3 h6 6. Nc3 d6 7. a3 O-O 8. O-O a6
9. Ba4 Ne7 10. Re1 c6 11. Be3 Ba7 12. Qd2 Ng6 13. Ne2 Be6 14. Bxa7 Rxa7 15. Qc3
Qc8 16. Kh2 Nh5 17. Ng3 Nhf4 18. Re3 Bxh3 19. Rg1 Bxg2 20. Nf5 Ne7 21. Nxe7+
Kh8 22. Nxc8 Bxf3 23. Nxa7 Ne2 24. Rxe2 Bxe2 1-0

[Event "28. Torneo San Viator 2017 - Torneo B"]
[Site "Madrid ESP"]
[Date "2017.04.23"]
[Round "4.33"]
[White "Franco Rincon, David"]
[Black "Lozano Serrano, Nuria"]
[Result "1-0"]
[WhiteElo "1748"]
[BlackElo "1263"]
[PlyCount "55"]
[EventDate "2017.03.26"]
[EventType "swiss"]
[EventRounds "9"]
[EventCountry "ESP"]
[SourceTitle "Ajedrez en Madrid"]
[Source "lmi"]
[SourceDate "2017.03.26"]

1. g4 e5 2. Bg2 Nc6 3. d3 Bc5 4. h3 d5 5. Nf3 Nge7 6. Nc3 O-O 7. e4 Be6 8. O-O
Qd7 9. Ng5 dxe4 10. Nxe6 Qxe6 11. Nxe4 Bb6 12. Kh2 f5 13. Ng5 Qd6 14. f4 Ng6
15. c4 Nce7 16. gxf5 Rxf5 17. Be4 Rff8 18. Qh5 h6 19. f5 Nf4 20. Bxf4 exf4 21.
Ne6 f3+ 22. Kh1 Rf6 23. Rxf3 Rb8 24. Rc1 Qd7 25. Rg3 Rf7 26. Qxh6 Nc6 27. c5
Ba5 28. Rcg1 1-0

[Event "28. Torneo San Viator 2017 - Torneo B"]
[Site "Madrid ESP"]
[Date "2017.04.23"]
[Round "4.34"]
[White "Rausell Tamayo, Estrella"]
[Black "De Los Rios Camacho, Juan Antoni"]
[Result "0-1"]
[WhiteElo "1259"]
[BlackElo "1683"]
[PlyCount "63"]
[EventDate "2017.03.26"]
[EventType "swiss"]
[EventRounds "9"]
[EventCountry "ESP"]
[SourceTitle "Ajedrez en Madrid"]
[Source "lmi"]
[SourceDate "2017.03.26"]

1. d4 d5 2. Nc3 Nf6 3. Bg5 h6 4. Bxf6 exf6 5. e3 Be6 6. Bd3 c5 7. Bb5+ Nc6 8.
e4 a6 9. Bxc6+ bxc6 10. Nge2 Bd6 11. Qd2 cxd4 12. Nxd4 Qc7 13. g3 O-O 14. O-O-O
Bb4 15. Nxe6 fxe6 16. Qe3 Bxc3 17. Qxc3 dxe4 18. Rhe1 f5 19. f3 f4 20. g4 e3
21. Rg1 Rad8 22. Rxd8 Rxd8 23. Qc4 Qd6 24. Qe2 Qd2+ 25. Qxd2 Rxd2 26. b3 Rf2
27. Rd1 Rxf3 28. Rd6 Rf1+ 29. Kb2 e2 30. Rxe6 e1=Q 31. Rxe1 Rxe1 32. Kc3 0-1

[Event "28. Torneo San Viator 2017 - Torneo B"]
[Site "Madrid ESP"]
[Date "2017.04.23"]
[Round "4.35"]
[White "Mateos Cordero, Francisco"]
[Black "Rodriguez Munoz, Jesus"]
[Result "1-0"]
[WhiteElo "1643"]
[BlackElo "1211"]
[PlyCount "100"]
[EventDate "2017.03.26"]
[EventType "swiss"]
[EventRounds "9"]
[EventCountry "ESP"]
[SourceTitle "Ajedrez en Madrid"]
[Source "lmi"]
[SourceDate "2017.03.26"]

1. d4 Nf6 2. Bf4 d5 3. Nf3 e6 4. e3 Nbd7 5. Be2 Bb4+ 6. c3 Be7 7. h3 Ne4 8.
Nbd2 c5 9. Nxe4 dxe4 10. Nd2 Nf6 11. O-O h6 12. Bb5+ Bd7 13. Qa4 a6 14. Bxd7+
Qxd7 15. Qxd7+ Kxd7 16. Be5 Nh5 17. Nxe4 f5 18. Nxc5+ Bxc5 19. dxc5 Rhd8 20.
Bd4 Kc6 21. Rfd1 Nf6 22. Kf1 Ne4 23. Bxg7 h5 24. Bd4 Nxc5 25. Bxc5 Kxc5 26. Ke2
a5 27. Rd4 Rxd4 28. cxd4+ Kd5 29. Rc1 b6 30. Kd3 Rg8 31. g3 h4 32. Rg1 e5 33.
dxe5 Kxe5 34. f4+ Kf6 35. g4 fxg4 36. hxg4 h3 37. g5+ Kf5 38. Rh1 Rh8 39. Ke2
Kg4 40. Kf2 Rd8 41. Rg1+ Kh4 42. g6 Rd2+ 43. Kf3 h2 44. Rh1 Kh3 45. g7 Rd8 46.
f5 Rg8 47. f6 b5 48. f7 Rxg7 49. f8=Q Rg3+ 50. Ke4 Kg2 1-0